[Event "Kranj op U18"]
[Site "Kranj"]
[Date "1995.??.??"]
[Round "4"]
[White "Zvan, Ziga"]
[Black "Mihoric, B."]
[Result "1-0"]
[WhiteElo "1915"]
[BlackElo "1690"]
[PlyCount "55"]
[EventDate "1995.??.??"]
[EventType "swiss (rapid)"]
[EventRounds "9"]
[EventCountry "SLO"]
[SourceTitle "EXT 1998"]
[Source "ChessBase"]
[SourceDate "1997.11.17"]
[SourceVersion "1"]
[SourceVersionDate "1997.11.17"]
[SourceQuality "1"]

1. e4 e5 2. Nf3 Nc6 3. Bc4 Bc5 4. b4 Bxb4 5. c3 Bc5 6. d4 exd4 7. 0-0 dxc3 8. Bxf7+ Kxf7 9. Qd5+ Ke8 10. Qxc5 d6 11. Qxc3 Nf6 12. Bg5 Be6 13. Nbd2 h6 14. Bh4 g5 15. Bg3 Qe7 16. e5 dxe5 17. Nxe5 Bd5 18. Nxc6 Bxc6 19. Rfe1 Be4 20. Nxe4 Nxe4 21. Rxe4 Qxe4 22. Qxh8+ Kf7 23. Qxa8 Qd4 24. Re1 Qd2 25. Qe8+ Kf6 26. Re6+ Kg7 27. Re7+ Kf6 28. Qf7# 1-0